Организация конференц-недели на примере дисциплины "Гидродинамическое исследование нефтяных и газовых скважин"; Уровневая подготовка специалистов: государственные и международные стандарты инженерного образования

Bibliographic Details
Parent link:Уровневая подготовка специалистов: государственные и международные стандарты инженерного образования.— 2013.— [С. 174-175]
Main Author: Карпова Е. Г. Евгения Геннадьевна
Corporate Authors: Национальный исследовательский Томский политехнический университет (ТПУ) Институт природных ресурсов (ИПР) Кафедра геологии и разработки нефтяных месторождений (ГРНМ), Национальный исследовательский Томский политехнический университет (ТПУ) Институт развития стратегического партнерства и компетенций (ИСПК) Кафедра методики преподавания иностранных языков (МПИЯ)
Other Authors: Сивицкая Л. А. Людмила Анатольевна
Summary:Заглавие с экрана
Показано, что активные методы обучения создают условия для формирования и закрепления профессиональных знаний, умений и навыков у студентов вуза. Установлено, что нужны новые методы и подходы в обучении, которые могли научить студентов учиться, т.е. самостоятельно находить и усваивать нужную информацию. Сделан вывод о том, что использование преподавателями активных методов в вузовском процессе обучения способствует преодолению стереотипов в обучении, выработке новых подходов к профессиональным ситуациям, развитию творческих способностей студентов
Language:Russian
Published: 2013
Series:Современные формы и методы обучения в инженерном образовани
Subjects:
Online Access:http://www.lib.tpu.ru/fulltext/c/2013/C09/098.pdf
Format: Electronic Book Chapter
KOHA link:https://koha.lib.tpu.ru/cgi-bin/koha/opac-detail.pl?biblionumber=242804

MARC

LEADER 00000naa2a2200000 4500
001 242804
005 20251215124744.0
035 |a (RuTPU)RU\TPU\book\264125 
035 |a RU\TPU\book\263881 
090 |a 242804 
100 |a 20130911d2013 k y0rusy50 ca 
101 0 |a rus 
102 |a RU 
135 |a arnn ---uucaa 
181 0 |a i  
182 0 |a b 
200 1 |a Организация конференц-недели на примере дисциплины "Гидродинамическое исследование нефтяных и газовых скважин"  |f Е. Г. Карпова, Л. А. Сивицкая 
203 |a Текст  |c электронный 
225 1 |a Современные формы и методы обучения в инженерном образовани 
300 |a Заглавие с экрана 
320 |a [Библиогр.: с. 175 (2 назв.)] 
330 |a Показано, что активные методы обучения создают условия для формирования и закрепления профессиональных знаний, умений и навыков у студентов вуза. Установлено, что нужны новые методы и подходы в обучении, которые могли научить студентов учиться, т.е. самостоятельно находить и усваивать нужную информацию. Сделан вывод о том, что использование преподавателями активных методов в вузовском процессе обучения способствует преодолению стереотипов в обучении, выработке новых подходов к профессиональным ситуациям, развитию творческих способностей студентов 
337 |a Adobe Reader 
463 1 |0 (RuTPU)RU\TPU\book\262130  |t Уровневая подготовка специалистов: государственные и международные стандарты инженерного образования  |o сборник трудов научно-методической конференции, 26-30 марта 2013 г., Томск  |f Национальный исследовательский Томский политехнический университет (ТПУ) ; ред. кол. А. И. Чучалин [и др.]  |v [С. 174-175]  |d 2013 
610 1 |a труды учёных ТПУ 
610 1 |a электронный ресурс 
610 1 |a конференции 
610 1 |a конференц-недели 
610 1 |a гидродинамические исследования 
610 1 |a нефтяные скважины 
610 1 |a газовые скважины 
610 1 |a методы обучения 
610 1 |a вузовское обучение 
700 1 |a Карпова  |b Е. Г.  |c специалист в области нефтегазового дела  |c старший преподаватель Томского политехнического университета  |f 1970-  |g Евгения Геннадьевна  |3 (RuTPU)RU\TPU\pers\27705  |9 12779 
701 1 |a Сивицкая  |b Л. А.  |c лингвист, специалист в области методики преподавания иностранных языков  |c доцент Томского политехнического университета  |g Людмила Анатольевна  |3 (RuTPU)RU\TPU\pers\24744 
712 0 2 |a Национальный исследовательский Томский политехнический университет (ТПУ)  |b Институт природных ресурсов (ИПР)  |b Кафедра геологии и разработки нефтяных месторождений (ГРНМ)  |3 (RuTPU)RU\TPU\col\18657 
712 0 2 |a Национальный исследовательский Томский политехнический университет (ТПУ)  |b Институт развития стратегического партнерства и компетенций (ИСПК)  |b Кафедра методики преподавания иностранных языков (МПИЯ)  |3 (RuTPU)RU\TPU\col\18976 
801 2 |a RU  |b 63413507  |c 20161111  |g RCR 
856 4 |u http://www.lib.tpu.ru/fulltext/c/2013/C09/098.pdf 
942 |c CF